Movies Quiz

Random Movies or Actor Quiz
Score 0/15 Timer 07:00
0 Plays Today
% Correct
Tom Hanks and Meg Ryan
97.2%
Al Pacino and Robert DeNiro
96%
Tom Cruise and Nicole Kidman
92.3%
Josh Brolin and Tommy Lee Jones
91.9%
Wesley Snipes and Woody Harrelson
89.3%
Elizabeth Taylor and Richard Burton
85.8%
Chris Farley and David Spade
84.2%
Jack Lemmon and Walter Matthau
81.5%
% Correct
Corey Feldman and Corey Haim
78.2%
Katharine Hepburn and Cary Grant
77.4%
Matt Damon and Ben Affleck
73.8%
Amy Adams and Philip S. Hoffman
73.6%
Vince Vaughn and Jon Favreau
71.8%
Amy Adams and Emily Blunt
70.1%
John C. Reilly and Philip Baker Hall
61.5%
Remove Ads.
Support Sporcle.
Get the best of Sporcle when you Go Orange. This ad-free experience offers more features, more stats, and more fun while also helping to support Sporcle. Thank you for becoming a member.

You're not logged in!

Compare scores with friends on all Sporcle quizzes.
OR
Log In

Show Comments

Extras

Top Quizzes Today


Score Distribution

Your Account Isn't Verified!

In order to create a playlist on Sporcle, you need to verify the email address you used during registration. Go to your Sporcle Settings to finish the process.

Report this User

Report this user for behavior that violates our Community Guidelines.

Details: